000 00820nam a2200301Ia 4500
001 48793
003 IT-RoPAU
008 130308s9999 xx 000 0 und d
040 _aIT-RoPAU
040 _cIT-RoPAU
041 _aITALIANO
100 _aVezzani Lorenzo
100 _gCodice Aut. SPICS: 1405
245 _aRuolo del sonoro nel racconto cinematografico (Il)
245 _bDiapomontaggio (Il)
250 _a1a ed.
260 _aROMA
260 _bSPICS
260 _c1987 [1° Ed.:1987 - Ed.Ling.Originale:1984]
300 _a"16 p. (prefazione: no ; testo: 16)"
500 _aSintesi del testo di Antoni Gryzik Suono nella Narrazione Audiovisiva
650 _aDIDATTICA AUDIOVISIVA
650 _eCodice materia Spics: 4002
942 _cBK
957 _71
999 _c46102
_d46102
999 _bSI
999 _g1